POERATIONS RESEARCH QUANTITATIVE ANALYSIS FOR MANAGEMENT (Record no. 9107)
[ view plain ]
| 000 -LEADER | |
|---|---|
| fixed length control field | 00492nam a22001577a 4500 |
| 003 - CONTROL NUMBER IDENTIFIER | |
| control field | SGT |
| 020 ## - INTERNATIONAL STANDARD BOOK NUMBER | |
| International Standard Book Number | 97893272331137 |
| 082 ## - DEWEY DECIMAL CLASSIFICATION NUMBER | |
| Classification number | 658.4034 |
| 100 ## - MAIN ENTRY--PERSONAL NAME | |
| Personal name | CHAWLA,K.K. |
| 245 ## - TITLE STATEMENT | |
| Title | POERATIONS RESEARCH QUANTITATIVE ANALYSIS FOR MANAGEMENT |
| 260 ## - PUBLICATION, DISTRIBUTION, ETC. (IMPRINT) | |
| Place of publication, distribution, etc | NEW DELHI |
| Name of publisher, distributor, etc | KALYANI PUBLISHERS |
| Year of Publication | 2014 |
| 300 ## - PAGE DESCRIPTION | |
| No. of Pages | V.P |
| 650 ## - SUBJECT ADDED ENTRY--TOPICAL TERM | |
| Topical term or geographic name as entry element | MANAGEMENT |
| 653 ## - KEYWORDS--INDEX TERM | |
| Keyword term | INTRODUCTION TO OPERATIONS RESEARCH,MATERIALS,THEORY OF PROBABILITY. LPP-SIMPLEX,DUALITY,DUAL SIMPLEX,INVENTORY CONTROL. |
| 942 ## - ADDED ENTRY ELEMENTS (KOHA) | |
| Source of classification or shelving scheme | Dewey Decimal Classification |
| Koha item type | FCM Books |
| 942 ## - ADDED ENTRY ELEMENTS (KOHA) | |
| -- | 12 |
| Withdrawn status | Lost status | Source of classification or shelving scheme | Damaged status | Not for loan | Collection code | Home library | Current library | Shelving location | Date acquired | Vendor Name | Cost, normal purchase price | SGTU | Bill Number | Full call number | Accession No. (Barcode) | Date last seen | Bill Date | Koha item type | Total Checkouts | Total Renewals | Date last borrowed |
|---|---|---|---|---|---|---|---|---|---|---|---|---|---|---|---|---|---|---|---|---|---|
| Dewey Decimal Classification | Not For Loan | COMMERCE MANAGEMENT | SGT Science & Social Sciences Library | SGT Science & Social Sciences Library | Reference Book | 17/06/2016 | UBSPD | 565.00 | SGTU | 371551 | 658.4034 | CM443 | 17/06/2016 | 26/03/2014 | FCM Books | ||||||
| Dewey Decimal Classification | COMMERCE MANAGEMENT | SGT Science & Social Sciences Library | SGT Science & Social Sciences Library | Text Book | 17/06/2016 | UBSPD | 565.00 | SGTU | 371551 | 658.4034 | CM444 | 26/08/2025 | 26/03/2014 | FCM Books | 31 | 1 | 25/08/2025 | ||||
| Lost and Paid For | Dewey Decimal Classification | COMMERCE MANAGEMENT | SGT Science & Social Sciences Library | SGT Science & Social Sciences Library | Text Book | 17/06/2016 | UBSPD | 565.00 | SGTU | 371551 | 658.4034 | CM445 | 16/11/2018 | 26/03/2014 | FCM Books | 17 | 2 | 15/05/2018 | |||
| Dewey Decimal Classification | COMMERCE MANAGEMENT | SGT Science & Social Sciences Library | SGT Science & Social Sciences Library | Text Book | 17/06/2016 | UBSPD | 565.00 | SGTU | 371551 | 658.4034 | CM446 | 29/12/2020 | 26/03/2014 | FCM Books | 17 | 1 | 11/03/2020 |